La formación lectora y literaria
Guardat en:
| Autor principal: | |
|---|---|
| Format: | Llibre |
| Idioma: | espanyol |
| Publicat: |
Barcelona
Grao
2015
|
| Edició: | 1a. ed |
| Col·lecció: | Crítica y Fundamentos, 48
|
| Matèries: | |
| Etiquetes: |
Afegir etiqueta
Sense etiquetes, Sigues el primer a etiquetar aquest registre!
|
MARC
| LEADER | 00000cam a2200000 a 4500 | ||
|---|---|---|---|
| 001 | UCE9826 | ||
| 003 | CL-VaPUC | ||
| 008 | 151106e20150300sp |||||||||||||||||spa|d | ||
| 020 | |a 9788499805771 | ||
| 082 | 0 | 4 | |a 801.712 |b BAL |2 21 |
| 100 | 0 | |a Ballester, Josep |e author |9 582778 | |
| 245 | 1 | 3 | |a La formación lectora y literaria |
| 250 | |a 1a. ed | ||
| 300 | |a 215 p | ||
| 942 | |c BK | ||
| 945 | |d 20151106 14:16:00 |a arojas | ||
| 260 | |a Barcelona |b Grao |c 2015 | ||
| 650 | 0 | |a Enseñanza de la literatura |9 283372 | |
| 650 | 0 | |a Lectura |9 307634 | |
| 650 | 0 | |a Enseñanza de la lectura |9 308364 | |
| 650 | 0 | |a Educación lingüística |9 306506 | |
| 583 | |a last modification |c 20151112 05:30:36 |k Rodrigo Vera | ||
| 490 | 0 | |a Crítica y Fundamentos, 48 | |
| 999 | |c 361469 |d 361467 | ||
| 952 | |0 0 |1 0 |3 erb |4 0 |6 801_712000000000000_BAL_2015 |7 0 |8 A |9 472028 |a BIBEDU |b BIBEDU |i 5247640 |l 5 |m 1 |o 801.712 BAL 2015 |p 5247640 |r 2023-09-12 |s 2023-09-12 |w 2019-11-24 |y BK |z Catalogado en:20151106 |k EBA | ||
| 952 | |0 0 |1 0 |3 erb |4 0 |6 801_712000000000000_BAL_2015 |7 0 |8 A |9 472029 |a BIBEDU |b BIBEDU |i 5247659 |o 801.712 BAL 2015 |p 5247659 |r 2019-11-24 |w 2019-11-24 |y BK |z Catalogado en:20151106 |k EBA | ||